000 00991nam a2200277Ia 4500
003 OSt
005 20220930085322.0
006 a|||||r|||| 00| 0
007 ta
008 220926b |||||||| |||| 00| 0 eng d
024 _a95380
037 _cTheses
040 _aCRL
_cCRL
_beng
041 _2eng
_aeng
100 _aPakhiddey Rohini
_9539958
110 _aUniversity of Delhi. Faculty of Medical Sciences. Department of Anatomy
245 0 _aStudy of androgen and esrogen receptors and Ki-67 expression in skin of patients with acne vulgaris before and after treatment with isotretinoin
260 _c2007
650 _aANATOMY
700 _a Dr. A. K. Mandal Gu.
700 _a Dr. Shipra Paul Gu.
_9532638
700 _a Dr. Vijay Kumar Gu.
_9535899
700 _aUniversity of Delhi. Faculty of Medical Sciences. Department of Anatomy
942 _cDIS
_2CC
999 _c878715
_d878715